| 000 | 00514nam a2200181Ia 4500 | ||
|---|---|---|---|
| 005 | 20250508161016.0 | ||
| 008 | 008 250505s9999 xx 000 0 hin d | ||
| 037 | _aBooks to be hide in OPAC | ||
| 040 |
_aFEDL _beng _cFEDL |
||
| 041 |
_ahin _2hin |
||
| 084 |
_a371.3, OAD/O _qFEDL |
||
| 100 |
_aOad Laxshmilal K _9769986 |
||
| 245 | 0 | _aPath yojnaen | |
| 260 |
_aJaipur, India _bRajasthan Hindi Granth Akademi _c1978 |
||
| 300 | _a293p. | ||
| 942 |
_cHB _h371.3, OAD/O |
||
| 999 |
_c1367898 _d1367898 |
||